01526nam a22003737a 4500001001000000003000900010005001700019007000300036008003400039040005400073041001000127072003200137090001900169100001600188110011700204245029200321260004000613300001100653500008100664650001500745650001600760650001700776650002500793650002900818650001500847650001300862650001900875650002400894650002200918909003600940942000700976999001700983952015201000BR7907658BR-BrBNA20230928090306.0ta230509b bl.||||| |||| 00| 0 por d aBR-BrBNAbporcBiblioteca Nacional de Agricultura a(Por) aF00; F25b1930b3820b/G514  1930 BR79076581 aKohmann, C.1 aUniversidade Federal do Rio Grande do Sul, Porto Alegre (Brasil). Faculdade de Agronomia0Dissertacao (Mestrado)1 aRendimentos, qualidade e persistencia de Panicum maximum Jacq. cv. Gatton e Setaria anceps Stapf cv. Kazungula, colhidos em tres estadios de crescimento, a duas alturas de corte acima do solo e sob tres doses de nitrogenio [capim coloniao, graminea forrageira, Rio Grande do Sul, Brasil]3 aPorto Alegre, RS (Brasil): c1979.  a167 p. a35 tables; 8 graphs; Bibliography p. 130-137 (69 ref.); Summaries (Eng, Por) aRENDIMENTO aCRESCIMENTO aMATERIA SECA aCURVA DE CRESCIMENTO aFERTILIZANTE NITROGENADO aNITROGENIO aPROTEINA aCAPIM COLONIAO aGRAMINEA FORRAGEIRA aRIO GRANDE DO SUL a202309bLuciac55dLucia Elande cBK c28330d28330 002AGRIS40708AGROBASEa41918b41918l0o 1930 BR7907658p1930 BR7907658r2023-09-25t01yBK10d2023-09-25ePortaria Interministerial nÂș 164/94